[Event "SuperGM"]
[Site "Linares ESP"]
[Date "2002.02.26"]
[Round "4"]
[White "Ivanchuk, Vassily"]
[Black "Kasparov, Garri"]
[Result "1/2-1/2"]
[WhiteElo "2717"]
[BlackElo "2838"]
[Annotator "Hathaway, Mark"]

1. Nf3
{ Ivanchuk is an enigma. He's capable of some horrificly complicated tactical melees and of some brilliancies, but he's also capable of exceedingly odd play. He usually begins with 1. e4, but will play whatever suits his needs. Here he plays 1. Nf3, it's first occurrence of the tournament, and what kind of game does he desire? Who knows, perhaps not even him. }
1...c5
{ Kasparov offers a transposition to a Sicilian Defense by 2. e4. But, Kasparov can also play many kinds of openings, so this might remain a closed position. }
2. g3
{ With Pc5 White won't get d2-d4 without having to consider ...cxd4. But, it could become an English Opening with c2-c4 or a King's Indian Attack with d2-d3 and e2-e4. }
2...g6 ( 2...Nc6 ) 3. Bg2 Bg7 4. O-O
{ White waits to see how Black is organized before committing any pawns. But, does that gives Black time to make any White pawn move a bad one? With ...Nb8-c6 he makes d2-d4 impossible and c2-c4 weakens d4. }
4...Nc6 5. c3
{ This isn't so terrific. It's an indication Ivanchuk doesn't want to play a King's Indian Attack (5. d3) , but wants to fight Kasparov's pieces head-on. However, in this opening you can't always force such things without dire consequences. Nb1 won't be able to develop to c3 and Black is probably already equal. }
 ( 5. d3 ) ( 5. c4 ) 5...d5 6. d4 cxd4
{ In many of Kasparov's games an exposed Pc4, or in this case Pc5, has given him problems. His choice to exchange-off that pawn probably didn't take him long. It gives the c3 square back to White, so Nb1-c3 will be available. But, Black's Ng8 isn't required to develop to f6 to block Bg7 (as Nf3 does to Bg2) . It can develop Ng8-h6-f5 or with ...e7-e6, Ng8-e7 and Black's position will be very harmonious. }
7. cxd4 e6 8. Nc3 Nge7 9. b3 O-O 10. Qd2
{ Before Bc1-b2 or Bc1-a3 he takes the c1-h6 diagonal to prevent ...Bg7-h6. This preserves control of c1 without having to also play e2-e3. }
10...b6 11. Ba3 Ba6 12. Rac1 Qd7 13. Rfd1 Rfd8
{ This breaks the pin on Ne7 and also prepares to meet e2-e4 with pressure on Pd4. }
14. g4 Rac8 15. h3
{ Both sides have developed sensibly, but now what? Bg2 isn't especially terrific, so White might think of e2-e4, but Black has aligned against Pd4 to prevent that. So, if the central files are to remain closed it would be natural to double rooks on the c-file. }
15...h6
{ Why so passive? }
 ( 15...Rc7 
{ intending either ...Ne7-c8-d6-e4 or ...Rd8-c8 }
 ) 16. e3
{ If Bg2 can't be useful on the h1-a8 diagonal then perhaps he'll just trade it at f1. }
16...Kh7 17. Rc2 $1 Ng8
{ He seems terribly concerned White will get to play e3-e4 in an advantageous way; so it appears he will also play ...Ng8-f6 to control square e4. This goes against his opening development, so one could also expect he will have to pay some cost for this. }
18. Rdc1 Qe8
{ This move is a bit hard to decipher. He might be intending ...f7-f5 to expand on the king-side, while threatening to open the f-file for a Black rook. But, on the c-file it looks like White might be able to force an opening and trade rooks. }
19. Ne1 ( 19. Bf1 $6 Bxf1 20. Kxf1 f5 
{ and the weakness of White's king-side light squares becomes obvious }
 ) 19...Nf6 20. f4
{ Ivanchuk beats Kasparov to the punch and makes his own king-side gesture. Of course there's no way to know, just yet, whether this could succeed or backfire. If the c-file opens and rooks are traded it might not mean anything. If many pieces stay on the board it could lead to a file opening on the king-side and a wild fight all over the board. }
20...Kg8 21. Nd3 ( 
{ leading to terrible confusion is }
 21. g5 hxg5 22. fxg5 Nh7 23. h4 f6 24. Nf3 fxg5 25. hxg5 e5 ) 21...Bxd3
{ With 17...Ng8 Kasparov seemed to be just maneuvering, but here he seems to be saying knights are much better than bishops in this kind of position (with this many pawns and few or no good open diagonals for a bishop) . Certainly e5 would be an excellent outpost square for a knight, so Nd3 had to be removed. On the other hand, White has good control of e4, so ...Nf6-e4 isn't going to be possible. }
22. Qxd3 Bf8 23. Bxf8 Qxf8 24. Qd2 ( 24. f5 Nb4 ) 24...Nb4 25. Rb2 Kg7 26. a3 Nc6 27. b4
{ If Ivanchuk is in the mood to move pawns he might eventually over-extend and leave his backdoor open. At the moment everything seems under control; Pa3 & Pb4 do well to block the diagonal and Qf8. }
27...Ne7 28. Rbc2 Ne8
{ Kasparov does some remaneuvering (again) and has his eye on c4. }
29. Bf1 ( 29. Nb5 
{ while Qf8 is somewhat away from the queen-side }
 29...Rxc2 30. Rxc2 Rd7 31. Qc1 a6 32. Nc3 Nd6 33. Na4 Qb8 ) 29...Nd6 30. Ba6
{ keeps excellent control of the c-file and attempts to keep Black's pieces from defending one another }
30...Rc6 31. Qd3
{ If he can't prevent Kasparov from ...Nd6-c4, then at least he can make Nc4 a bad exposed piece. Here he prepares to defend Pe3 & Pa3 and to play e3-e4 or a3-a4 to advance around a Nc4, while it is made into a target. }
31...h5
{ As in his game with Villejo Pons, Kasparov sees an opportunity to open a second front, aimed at Kg1. This is partly a matter of necessity since Ivanchuk controls the queen-side very well, and it's partly opportunism to take advantage of the weakened light squares Bg2 previously guarded. }
32. Qe2 ( 32. gxh5 
{ should be quite good because Rc2 can move across to the king-side before any Black rook could, and removing pawns from in front of Kg7 should be good. The only downside is giving control of f5 to Black. }
 ) 32...Qh8 33. Kg2 Qh7
{ What a horrible place for the queen. If White could simply lock up the king-side with g4-g5 and then force a quick opening of the c-file he might invade on the queen-side to win. But, Pe3 is weak and ...Ne7-f5xe3 is a serious threat. It's tempting. }
34. g5
{ That puts an end to the second front. It gives up square f5, but that's of little concern compared to keeping Kg2 safe. This was an amazingly indirect maneuvering game. I haven't seen these two play this kind of game before. I suppose it shows they each have great respect for the other's tactical prowess. If anyone it was Ivanchuk, in the final position, who has the advantage! }
1/2-1/2

[Event "SuperGM"]
[Site "Linares ESP"]
[Date "2002.02.28"]
[Round "5"]
[White "Kasparov, Garri"]
[Black "Adams, Michael"]
[Result "1-0"]
[WhiteElo "2838"]
[BlackElo "2742"]
[Annotator "Hathaway, Mark"]

1. e4 e5 2. Nf3 Nf6
{ Odd, from someone who generally plays the Black side of a Spanish, hoping for a Marshall Gambit. }
3. Nxe5 ( 
{ also popular is }
 3. d4 ) 3...d6 ( 3...Qe7 4. d4 d6 5. Nf3 
{ leaves Qe7 misplaced and Bf8 blocked by Pd6 }
 ) ( 3...Nxe4 4. Qe2 Qe7 ( 4...Nf6 $4 5. Nc6+ $18 ) 5. Qxe4 d6 6. f4 
{ and Black will regain the piece, but generally White can maintain a slight piece development advantage }
 ) 4. Nf3 Nxe4 5. d4 d5 6. Bd3 Nc6 7. O-O Be7 8. c4
{ White tries to undermine Ne4 or force it to retreat, opening the d3-h7 diagonal and making it easier for White to develop without simplifying piece exchanges. }
8...Nb4 9. Be2 O-O ( 
{ I believe the original idea of 8...Nb4 was to chase Bd3 away and then take the d5 square by }
 9...dxc4 10. Bxc4 Nd5 
{ but that gave away control of d3 and weakened Ne4. So, players decided to leave Nb4 until forced away. }
 ) 10. a3 ( 10. Nc3 Bf5 ) 10...Nc6 11. cxd5 Qxd5 12. Nc3 Nxc3 13. bxc3
{ White has gotten rid of Ne4, but Black has Qd5 and no significant cramp. His pieces can maneuver freely. }
13...Bf5
{ and he can, once again, challenge for control of the d3-h7 diagonal! }
14. Re1 ( 14. c4 Qe4 ( 14...Qd6 ) ) 14...Rfe8 15. Bf4 Rac8 16. c4 Qe4
{ The queen seems very strong, but is in fact quite exposed so all of White's smaller forces. }
 ( 16...Qd7 17. d5 
{ and Nc6 has to move, leaving e5 in White's hands }
 ) 17. Be3
{ It would appear Kasparov lost a tempo by moving Bc1-f4-e3, but he forced Ra8-c8, so now Be3 will be aligned with Pa7 when it's a tad weaker than before. If he can't use the d3-h7 diagonal to attack Kg8 he must use his bishops more conservatively to align against Black's queen-side. }
17...Bf6 18. Ra2 b6
{ This changes a lot. Black's pieces are active and Be3 has no target and Be2 can't get active. What's White to do, perhaps Ra2-d2 to threaten Be2-d3? }
19. h3 ( 19. Rd2 $5 Qe7 ( 19...Bg4 20. h3 Bh5 21. g4 Bg6 22. Bd3 ) ) 19...Na5 $2 ( 19...h6 ) 20. g4
{ Wow! This is a drastic measure. How can he get away with this? }
20...Bg6 21. g5 ( 21. Rd2 h5 22. Bd3 Qe6 23. Bxg6 fxg6 24. g5 Be7 
{ and White's got multiple weak points he would find it difficult to defend }
 ) 21...Be7 22. Ne5
{ Qe4 looks awkwardly alone and surrounded by enemy pieces. }
22...Bd6 ( 22...Bf5 $4 23. Bd3 ) 23. Nxg6 hxg6 24. c5 $5
{ It must have been a difficult choice, to make this move. His pawns are weak, but they chase Black's pieces. How much is gained is unclear. Do White's pieces really benefit enough? }
24...Bf8
{ It's still hard to tell whether White is trouncing Black or his position is falling apart. }
25. Bg4 Rcd8 26. Rae2
{ There are the doubled rooks behind a minor piece; a theme which played such a prominent role in his previous round game against Ivanchuk. }
26...Qd5 ( 26...Qc6 ) 27. Bf4 Rxe2 28. Qxe2 c6 $4 ( 28...bxc5 $4 29. Bxc7 ) ( 
{ Perhaps sufficient is to peck away at White's weak pawns while keeping Kg8 safe: }
 28...Qxd4 29. Bxc7 Rd5 30. Qe8 Qxc5 ) 29. Bc7 Ra8
{ After this White's pieces dominate the center. }
30. Qe5 Qxe5 31. Rxe5 Nc4 32. d5 $3
{ This must have been the move Adams didn't see. It's difficult when you're on the defensive to see all the (often random) possibilities which may arise for the attacker. Still, it takes courage to play such a move as this -- and Kasparov has plenty of that. }
32...Nxe5
{ This is certainly a Greek gift, but he should've thought twice. Perhaps they were facing time pressure and could only act instinctively. }
 ( 32...cxd5 
{ If you think of this as removing a potential queen then it seems far more important than to capture Re5. }
 33. Rxd5 Bxc5 ) 33. Bxe5 cxd5 ( 33...Bxc5 34. dxc6 ( 34. d6 $4 
{ would allow Black to meet d6-d7 with ...Bc5-e7 }
 ) 34...Bxa3 35. c7 b5 36. c8=Q+ Rxc8 37. Bxc8 a5 38. Bd7 b4 39. Ba4 Bc1 40. Bc7 Bd2 41. Bxa5 b3 42. Bxd2 b2 43. Bc2 $18 ) 34. c6 f5 35. gxf6 gxf6 36. Be6+ Kg7 37. Bg3 Bxa3 ( 37...Be7 
{ intending ...Be7-d8 to give the bishop for Pc6, rather than the rook }
 38. c7 ) 38. Bxd5 Rc8 39. c7 Bc5 40. Bb7 Rxc7 41. Bxc7 a5 42. Bc6
{ and that slows Black tremendously }
42...g5 43. Kf1 Kg6 44. f3 Kh5 45. Be8+ Kh6 ( 45...Kh4 46. Kg2 
{ threatening Bc7-g3# }
 46...g4 47. hxg4 ) 46. Ke2 f5 47. Bd8
{ Black's queen-side pawns are blocked and his Kh6 can't be activated and Bc5 is just one piece which White can go around. White has a free king to attack Pf5 (and Kh6) or Pb6. This was a terrific, exciting, perhaps error-filled game; but it's one of the most interesting of the tournament. With this victory Kasparov moves into the lead. }
1-0

[Event "SuperGM"]
[Site "Linares ESP"]
[Date "2002.02.28"]
[Round "5"]
[White "Anand, Viswanathan"]
[Black "Ivanchuk, Vassily"]
[Result "1/2-1/2"]
[WhiteElo "2757"]
[BlackElo "2717"]
[Annotator "Hathaway, Mark"]

1. e4 c5 2. Nf3 Nc6 3. d4 cxd4 4. Nxd4 Nf6 5. Nc3 e5 6. Ndb5 d6
{ Sicilian Defense, Lasker-Pilnik or Sveshnikov Variation -- Black secures the dark squares and then begins to fight on the light squares. Whether he uses ...Bc8-e6 or ...a7-a6, ...b7-b5, ...Bc8-b7 depends in part on how White proceeds. Oh, and one musn't forget there is the Pelikan Gambit variation with ...d6-d5. }
7. Bg5 a6 8. Na3 ( 8. Bxf6 
{ has also been played extensively. The idea is that Black has to recapture with a pawn to avoid Nb5-c7+ and that the messed up pawns will cause him problems. }
 8...gxf6 9. Na3 ) 8...b5
{ This has become the most common move. Black takes away Na3-c4 or Bf1-c4 and threatens ...b5-b4. }
 ( 8...Be7 $2 9. Bxf6 Bxf6 10. Nc4 Be7 11. Nd5 ) 9. Bxf6
{ This is a little unusual. Black isn't forced to recapture with a pawn, so there's no major cost. And, after Black recaptures at f6 there's still the threat of ...b5-b4, so Nc3-d5 seems quite likely. I wonder what he had in mind? }
 ( 
{ Commonly played is }
 9. Nd5 Be7 10. Bxf6 Bxf6 11. c3 ) 9...gxf6
{ But, Ivanchuk isn't avoiding doubled pawns; he might, after the closed maneuvering game against Kasparov in the previous round, relish the exciting fight which can sometimes ensue when Black uses his pawns aggressively to bludgeon White in the center. He may also think this is an ideal sort of opening and variation to use against Anand; hoping he (Anand) will lose his balance in the highly tactical lines which can arise. There are also times when Black can use the open g-file for offense. }
10. Nd5 f5 11. c3 ( 11. Bd3 f4 ) ( 11. exf5 Bxf5 12. Qf3 Nd4 ) 11...Bg7
{ Sometimes Bg7 is useful to enable ...Nc6-e7 to challenge the light squares. }
 ( 
{ Morbidly humorous is }
 11...Ne7 $4 12. Nf6# ) 12. Bd3
{ Now that Black has blocked the g-file Anand doesn't fear ...f5-f4 (generally cramping White's king-side) . }
12...Be6
{ perhaps dubious }
 ( 12...Ne7 13. Nxe7 Qxe7 14. Nc2 ( 14. Qh5 
{ can be met by the very unlikely }
 14...d5 ) ) 13. Qh5 O-O ( 13...fxe4 $6 14. Bxe4 Rc8 
{ and White has terrific light-square activity and a safe king. He only needs to maneuver Na3 into play to have a clear overall advantage. }
 15. Nc2 ) 14. exf5
{ else Black can capture ...fxe4 and follow-up with ...f7-f5! }
 ( 14. Nc2 fxe4 15. Bxe4 f5 16. Nf6+ Rxf6 17. Bxc6 Ra7 ) 14...Bxd5 15. f6 h6
{ Showing terrific confidence Ivanchuk doesn't try to block Bd3 just yet. He intends, I suppose, to use ...f7-f5 (a standard device in this opening) and leave Bd5 unblocked (by a Pe4) to attack Pa2 & Pg2. }
 ( 
{ Though complicated the following seems pretty good for Black: }
 15...e4 16. Qxd5 ( 16. fxg7 Re8 ( 16...exd3 $4 17. gxf8=Q+ ) 17. Be2 ( 17. Qxd5 exd3+ ) 17...Re5 ( 
{ also good is }
 17...Ne5 ) ) 16...exd3 17. O-O Ne5 18. fxg7 Re8 ) 16. fxg7 Kxg7 17. Nc2 Be6 18. Ne3 d5
{ Now Black can consider ...Qd8-g5 to defend Ph6 and force a queen trade. That would put an end to White's middle-game attack and force an ending favorable to Black. }
19. h4 ( 19. Nf5+ Bxf5 20. Qxf5 e4 21. Bc2 Re8 22. O-O Re5 ) 19...Qf6 20. Bf5 Bxf5 21. Nxf5+ Kh7 22. Rd1 Rad8 23. Rh3 Qg6 24. Qxg6+ fxg6 25. Ne3 d4 26. Nc2
{ Who stands better? Black's pawns are targets, but well-supported. Black's king is safer, but White's might jump in to participate if there are several piece trades. I suppose it's close to equal. }
26...Rf4 $1
{ This ties Rh3 to Ph4. }
27. Rd2 ( 27. h5 g5 
{ and Rh3 still can't leave the h-file because of ...Rf4-h4xh5 }
 ) 27...h5 28. b3 Rd5 29. Kd1 Kg7 30. Ke1 $15
{ If White can't undertake anything active then Black has time to bring Kg7 forward and perhaps advance a pawn or two, gaining for the simpler endgame to follow. }
30...a5 31. Kd1 Kf6 32. Ke1 Rc5 33. cxd4 exd4 34. Kd1 Rd5 35. Ne1 Ne5 36. Ke2 ( 36. g3 Re4 37. Rh1 Kf5 ) 36...Re4+ 37. Kd1 Rf4 38. Ke2 Re4+ 39. Kd1 a4 ( 39...Kf5 40. Nd3 ( 40. f3 $2 Re3 41. Nc2 Rd3 ) ) 40. Nd3 axb3
{ It's nearly impossible to know for sure, but the opening of the a-file should favor White more than Black because both Black rooks are blocked from the a-file by pawns. }
 ( 40...Ng4 41. Rf3+ Ke7 42. Nf4 ( 42. g3 ) 42...Rd6 43. g3 ) 41. axb3 Nxd3 42. Rdxd3 Ke5 43. Rdg3 Rg4 $6
{ appears to be the typical Ivanchuk over-reaching }
 ( 43...Rd6 44. Rg5+ Kf6 45. Rxb5 d3 46. Rf3+ Kg7 47. Rb7+ Kg8 48. Rb8+ $11 ) ( 43...Kf6 
{ seems safest }
 ) 44. Kd2
{ Why so timid? }
 ( 44. Rxg4 hxg4 45. Rh1 Ke4 
{ preventing h4-h5 }
 ( 45...d3 $2 46. h5 gxh5 47. Rxh5+ Kd4 48. Rxd5+ Kxd5 49. Kd2 Kd4 50. f3 gxf3 51. gxf3 b4 52. f4 Ke4 53. f5 Kxf5 54. Kxd3 Ke5 55. Kc4 Kd6 56. Kxb4 Kc6 57. Ka5 $18 ) 46. Kd2 d3 47. Re1+ 
{ gives White some advantage }
 ) 44...Rc5 45. f3 Rxg3 46. Rxg3 Kf6 47. Kd3 ( 47. Rg5 $4 Rxg5 48. hxg5+ Kxg5 49. Kd3 Kf4 50. Kxd4 Kg3 51. Kc5 Kxg2 52. Kxb5 h4 $19 ) 47...Rc3+ 48. Kxd4 Rxb3 49. Rg5 Rb4+
{ Anand is an excellent defender and this endgame demonstrated that skill. This was a very interesting game from a theoretical perspective too. Black had little difficulty gaining an equal or better position. }
1/2-1/2